| 000 | 00900nam a2200193 a 4500 | ||
|---|---|---|---|
| 008 | 080904s2005 ||||||||||||||||| || u | ||
| 020 | _a1919976086 | ||
| 050 | _aQK 402.M28 Pla | ||
| 245 | 0 | 0 |
_aPlants of the Nyika plateau: an account of the vegetation of the Nyika national parks of Malawi and Zambia _cJohn E. Burrows; Christopher K. Willis (eds) |
| 260 |
_aPretoria _bSABONET _c2005 |
||
| 300 | _axiii, 405p.: ill. | ||
| 350 | _a0.00 | ||
| 650 | _aPLANTS -- ZAMBIA | ||
| 650 | _aNYIKA NATIONAL PARK (MALAWI) | ||
| 650 | _aPLANTS -- MALAWI | ||
| 650 | _aPLANTS | ||
| 995 |
_aMAIN LIBRARY OPEN ACCESS _D0.00 _e738812 _FCBU-MAIN LIBRARY (Kitwe) _H1 _I0.00 _jQK 402.M28 PLA _M1 _UAVAILABLE _WOct 15, 2008 _y738812 _ZMain Library Open Access Collection |
||
| 995 |
_aTEXTBOOKS (SNR) _D0.00 _e4073 _FCBU-SCHOOL TEXTBOOK COLLECTIONS _H1 _I0.00 _jSCHOOL TEXTBOOK _M2 _UAVAILABLE _WJul 27, 2009 _y4073 _ZSchool Collections |
||
| 999 |
_c81980 _d81980 |
||